000
00268nam a22000977a 4500
999
_c
11131
_d
11131
008
180922b ||||| |||| 00| 0 eng d
020
_a
97817676016
100
_a
Kshetrapal, Anu
_9
6895
245
_a
Non vegiterian Dishes
260
_a
New Delhi
_b
Nita Mehta Publication
_c
2008